000 00719nam a2200241Ia 4500
003 GCL
008 140319s9999 xx 000 0 ara d
040 _aGCL /
_cGCL
082 0 4 _aط
_b797.2
_bم ا
100 1 _aمارلو هندى
245 1 0 _aاصول السباحة والغطس /
_cمارلو هندى
700 1 _aفاروق خاكى ( مترجم )
260 _a[S.N] :
_bمكتبة لبنان
300 _a51 ص
490 _aسلسلة الهوايات
_v0
650 0 4 _aالاطفال
650 0 4 _aالالعاب الرياضية
650 0 4 _aالسباحة
650 0 4 _aالرياضة المائية
650 0 4 _aالغطس
650 0 4 _aالسباحة للاطفال
942 _2ddc
_cBK
999 _c32769
_d32769